000 00556nam a2200193Ia 4500
003 GCL
008 140319s9999 xx 000 0 ara d
040 _aGCL /
_cGCL
082 0 4 _a415.1
_bا ف
100 1 _aاحمد محمد عبدالدايم
245 1 0 _aفن الاعراب /
_cاحمد محمد عبدالدايم
260 _a[S.N] :
_bمكتبة الزهراء ،
_c1992
300 _a128
490 _a
650 0 4 _aالنحو
650 0 4 _aاللغة العربية
650 0 4 _aقواعد اللغة العربية
942 _2ddc
_cBK
999 _c53062
_d53062